000 00298nam a2200121Ia 4500
008 190216s9999||||xx |||||||||||||| ||und||
100 _aChirackal T Balakrishnan Nair
245 0 _aKeralabhasha Ganangal
260 _bKerala Basha Inst
_c1969
300 _a472p
650 _aKavithkal
942 _cBK
999 _c25365
_d25365